| 000 | 00728nam a22002297a 4500 | ||
|---|---|---|---|
| 003 | UA-OsUOA | ||
| 001 | 62996 | ||
| 007 | ta | ||
| 008 | 20090915b un ||||| |||| 00| 0 ukr d | ||
| 100 | _aРябова М. | ||
| 090 |
_a930.1(091) _bР98 |
||
| 942 | _cBK | ||
| 040 |
_aUA-OsUOA _brus _cUA-OsUOA _dUA-OsUOA |
||
| 245 | _aВопросы экономической истории Молдавии эпохи феодализма и капитализма. | ||
| 300 | _a275 с. | ||
| 955 | _a2 | ||
| 041 | _arus | ||
| 080 | _a930.1(091) | ||
| 260 |
_aКишинев _bШтиинца _c1972 |
||
| 650 | 7 |
_a930 Історична наука. Допоміжні історичні дисципліни _2UDC |
|
| 999 |
_c349088 _d349088 |
||